300 Biggest Russian Cities by Federal Subject - Statistics

General Stats
  • This quiz has been taken 126 times
  • The average score is 136 of 300
Answer Stats
Hint Answer % Correct
13,010,112 Moscow
97%
5,601,911 Saint Petersburg
97%
1,099,344 Krasnodar
93%
543,654 Orenburg
93%
496,403 Lipetsk
91%
303,169 Oryol
91%
501,109 Penza
91%
1,142,162 Rostov-on-Don
91%
261,803 Tambov
91%
339,978 Belgorod
90%
379,152 Bryansk
90%
440,052 Kursk
90%
1,633,595 Novosibirsk
90%
1,034,002 Perm
90%
193,082 Pskov
90%
901,361 Saratov
90%
547,443 Stavropol
90%
617,352 Ulyanovsk
90%
617,264 Irkutsk
89%
361,644 Ivanovo
89%
468,212 Kirov
89%
1,228,199 Nizhny Novgorod
89%
1,125,695 Omsk
89%
416,219 Tver
89%
224,286 Veliky Novgorod
89%
349,951 Vladimir
89%
1,028,036 Volgograd
89%
1,057,681 Voronezh
89%
577,279 Yaroslavl
89%
301,199 Arkhangelsk
87%
1,189,525 Chelyabinsk
87%
337,058 Kaluga
87%
1,173,299 Samara
87%
316,570 Smolensk
87%
556,478 Tomsk
87%
473,622 Tula
87%
847,488 Tyumen
87%
1,308,660 Kazan
86%
617,441 Khabarovsk
86%
1,187,771 Krasnoyarsk
86%
270,384 Murmansk
86%
313,944 Vologda
86%
475,629 Astrakhan
84%
328,533 Grozny
84%
557,119 Kemerovo
84%
310,911 Kurgan
84%
528,599 Ryazan
84%
1,144,809 Ufa
84%
603,519 Vladivostok
84%
1,544,376 Yekaterinburg
84%
490,449 Kaliningrad
83%
267,481 Kostroma
83%
90,757 Magadan
83%
437,565 Ulan-Ude
79%
334,427 Chita
77%
164,900 Petropavlovsk-Kamchatsky
77%
355,443 Yakutsk
77%
466,078 Sochi
76%
623,254 Makhachkala
74%
181,587 Yuzhno-Sakhalinsk
74%
234,897 Petrozavodsk
70%
220,580 Syktyvkar
70%
684,709 Tolyatti
70%
295,830 Vladikavkaz
70%
630,877 Barnaul
69%
102,583 Elista
69%
623,472 Izhevsk
69%
247,054 Nalchik
67%
125,241 Kyzyl
66%
143,385 Maykop
64%
262,293 Novorossiysk
64%
497,807 Cheboksary
63%
113,226 Cherkessk
63%
124,953 Derbent
63%
410,594 Magnitogorsk
63%
314,871 Saransk
63%
245,120 Taganrog
63%
70,064 Birobidzhan
61%
225,428 Engels
61%
281,248 Yoshkar-Ola
61%
537,480 Novokuznetsk
60%
184,769 Abakan
59%
338,966 Nizhny Tagil
59%
396,443 Surgut
59%
241,437 Blagoveshchensk
57%
548,434 Naberezhnye Chelny
57%
174,453 Norilsk
57%
224,071 Bratsk
54%
305,185 Cherepovets
54%
257,128 Khimki
54%
146,473 Pyatigorsk
54%
157,213 Severodvinsk
54%
187,177 Armavir
53%
218,630 Dzerzhinsk
53%
189,195 Orsk
53%
314,934 Podolsk
53%
226,452 Shakhty
53%
520,962 Balashikha
51%
238,505 Komsomolsk-on-Amur
51%
122,350 Nazran
51%
321,479 Volzhsky
51%
65,342 Gorno-Altaysk
50%
155,144 Khasavyurt
50%
241,479 Nizhnekamsk
50%
56,985 Vorkuta
50%
107,473 Khanty-Mansiysk
49%
163,674 Novocherkassk
49%
221,296 Angarsk
47%
94,377 Gatchina
47%
283,256 Nizhnevartovsk
47%
119,697 Novomoskovsk
47%
177,295 Rybinsk
47%
221,676 Stary Oskol
47%
277,410 Sterlitamak
47%
165,725 Syzran
47%
168,048 Volgodonsk
47%
121,140 Kaspiysk
46%
255,429 Mytishchi
46%
139,931 Nakhodka
46%
125,376 Obninsk
46%
72,530 Vyborg
46%
184,466 Balakovo
44%
127,521 Kislovodsk
44%
132,417 Kovrov
44%
224,195 Lyubertsy
44%
117,562 Nevinnomyssk
44%
82,723 | 97,038 Zheleznogorsk
44%
109,556 Artyom
43%
81,924 Azov
43%
126,988 Bataysk
43%
146,403 Elektrostal
43%
187,634 Krasnogorsk
43%
147,995 Miass
43%
100,352 Tobolsk
43%
138,069 Berezniki
41%
228,095 Korolyov
41%
107,497 Murom
41%
131,942 Neftekamsk
41%
180,393 Ussuriysk
41%
99,875 Yelets
41%
161,774 Zlatoust
41%
81,863 Anapa
40%
104,908 Arzamas
40%
183,852 Biysk
40%
78,372 Bor
40%
120,375 Novocheboksarsk
40%
119,658 Yessentuki
40%
82,943 Yeysk
40%
163,512 Almetyevsk
39%
110,968 Dimitrovgrad
39%
152,404 Domodedovo
39%
177,819 Prokopyevsk
39%
55,757 Rzhev
39%
148,575 Salavat
39%
133,793 Serpukhov
39%
80,204 Gelendzhik
37%
88,511 Klin
37%
134,850 Kolomna
37%
101,756 Sergiyev Posad
37%
86,711 Velikiye Luki
37%
147,806 Kopeysk
36%
70,485 Mineralnye Vody
36%
115,557 Oktyabrsky
36%
79,899 Ukhta
36%
100,621 Achinsk
34%
86,365 Kamensk-Shakhtinsky
34%
164,192 Kamensk-Uralsky
34%
107,927 Kamyshin
34%
124,732 Nefteyugansk
34%
103,480 Novoshakhtinsk
34%
107,251 Novy Urengoy
34%
180,530 Odintsovo
34%
60,879 Rossosh
34%
61,571 Tuapse
34%
111,222 Zhukovsky
34%
86,816 Kansk
33%
63,059 Klintsy
33%
103,891 Noginsk
33%
98,306 Novokuybyshevsk
33%
100,188 Noyabrsk
33%
105,745 Orekhovo-Zuyevo
33%
94,211 Serov
33%
74,183 Dubna
31%
114,450 Pervouralsk
31%
110,868 Pushkino
31%
93,357 Sarov
31%
55,225 Shuya
31%
55,415 Tikhvin
31%
99,137 Zelenodolsk
31%
87,762 Glazov
30%
56,093 Kotlas
30%
92,244 Leninsk-Kuznetsky
30%
54,147 Liski
30%
96,174 Mezhdurechensk
30%
113,871 Reutov
30%
106,648 Seversk
30%
102,850 Berdsk
29%
64,376 Gudermes
29%
78,390 Kuznetsk
29%
90,451 Michurinsk
29%
89,083 Murino
29%
114,537 Ramenskoye
29%
126,834 Rubtsovsk
29%
91,115 Sarapul
29%
65,367 Sosnovy Bor
29%
70,301 Troitsk
29%
74,057 Balashov
27%
88,341 Buzuluk
27%
120,907 Dolgoprudny
27%
77,694 Kineshma
27%
114,133 Mikhaylovsk
27%
75,960 Novotroitsk
27%
89,473 Solikamsk
27%
63,449 Urus-Martan
27%
54,279 Zelenogorsk
27%
58,103 Budyonnovsk
26%
89,025 Chekhov
26%
65,574 Dmitrov
26%
67,614 Ishim
26%
75,858 Kropotkin
26%
54,597 Krymsk
26%
62,985 Slavyansk-na-Kubani
26%
55,686 Tikhoretsk
26%
95,495 Voskresensk
26%
97,471 Votkinsk
26%
79,038 Vsevolozhsk
26%
57,317 Asbest
24%
68,121 Buynaksk
24%
55,996 Izberbash
24%
66,651 Kirovo-Chepetsk
24%
73,049 Novoaltaysk
24%
57,937 Salsk
24%
60,687 Borisoglebsk
23%
81,677 Bugulma
23%
57,147 Iskitim
23%
57,949 Kumertau
23%
55,730 Lesosibirsk
23%
70,089 Minusinsk
23%
76,896 Ozyorsk
23%
134,211 Shchyolkovo
23%
79,570 Ust-Ilimsk
23%
79,693 Yurga
23%
60,842 Aleksin
21%
61,440 Belogorsk
21%
70,228 Chapayevsk
21%
75,745 Chernogorsk
21%
58,815 Chistopol
21%
85,225 Gubkin
21%
83,431 Kiselyovsk
21%
62,673 Kungur
21%
71,121 Naro-Fominsk
21%
59,938 Prokhladny
21%
55,054 Shali
21%
68,349 Tuymazy
21%
73,630 Yelabuga
21%
64,525 Beloretsk
20%
60,361 Gukovo
20%
64,041 Ishimbay
20%
63,646 Kstovo
20%
57,428 Labinsk
20%
60,993 Leninogorsk
20%
56,031 Mikhaylovka
20%
78,479 Novouralsk
20%
63,034 Nyagan
20%
57,116 Pavlovo
20%
68,609 Shadrinsk
20%
101,490 Vidnoye
20%
55,035 Volsk
20%
57,053 Aleksandrov
19%
66,583 Anzhero-Sudzhensk
19%
75,837 Chaykovsky
19%
61,441 Kogalym
19%
65,098 Pavlovsky Posad
19%
74,762 Usolye-Sibirskoye
19%
59,195 Belebey
17%
57,918 Dzerzhinsky
17%
53,855 Lysva
17%
56,505 Meleuz
17%
55,182 Polevskoy
17%
60,200 Revda
17%
56,514 Sibay
17%
68,542 Belovo
16%
60,580 Fryazino
16%
82,764 Lobnya
16%
68,241 Sertolovo
16%
62,078 Sunzha
16%
59,698 Beryozovsky
14%
82,827 Ivanteyevka
14%
71,335 Verkhnyaya Pyshma
14%
71,686 Yegoryevsk
14%
55,870 Belorechensk
13%
63,837 Donskoy
13%
63,221 Georgiyevsk
13%
63,728 Kotelniki
13%
55,875 Krasnoturyinsk
13%
55,109 Shchyokino
13%
64,412 Stupino
13%
65,212 Lytkarino
11%
58,510 Zarechny
11%
No matching quizzes found
Score Distribution
Percent of People with Each Score
Percentile by Number Answered
Your Score History
You have not taken this quiz